000
00272nam a22001097a 4500
082
_a
640,4
_b
FRE
245
_a
Deductions from the world war
_c
Loringhoven baron von freytag
300
_a
176p.:
_b
ill
526
_a
0
_b
0
_c
0
_d
6404_FRE
650
_a
MCE
_9
379
942
_2
ddc
_c
BK
999
_c
552226
_d
552226